00296nam a2200097Ia 4500008004100000245004800041245003100089260000900120650002100129856004800150171204s9999 xx 000 0 und d aComputer Fundamentals and Programming in C: cManas Ghosh and Pradip Dey c2013 xProgramming 1-15 uhttp://down.ebook777.com/054/0198084560.pdf